000 01469nam a2200385 a 4500
001 ebr10591655
003 CaPaEBR
006 m u
007 cr cn|||||||||
008 790525r19651938gw sb 001 0dlat d
020 _z9783598712227
020 _z9783110952544 (e-book)
040 _aCaPaEBR
_cCaPaEBR
035 _a(OCoLC)823746951
050 1 4 _aPA6296
_b.D15 1965eb
100 1 _aCicero, Marcus Tullius.
240 1 0 _aDe divinatione.
_lLatin
245 1 0 _aDe divinatione
_h[electronic resource] ;
_bDe fato /
_cTimaeus ; Ottonis Plasberg schedis usus, recognovit W. Ax.
246 3 _aDe divinatione ; De fato
250 _aEditio stereotypa editionis primae (MCMXXXVIII).
260 _aStutgardiae :
_bIn aedibus B.G. Teubneri,
_c1965.
300 _axiv, 214 p.
490 0 _aScripta quae manserunt omnia ;
_vfasc. 46
500 _aReprint of the 1938 ed.
504 _aIncludes bibliographical references and indexes.
533 _aElectronic reproduction.
_bPalo Alto, Calif. :
_cebrary,
_d2011.
_nAvailable via World Wide Web.
_nAccess may be limited to ebrary affiliated libraries.
600 1 0 _aCicero, Marcus Tullius.
655 7 _aElectronic books.
_2local
700 0 _aTimaeus.
700 1 _aPlasberg, Ottonis.
700 1 _aAx, W.
710 2 _aebrary, Inc.
740 0 2 _aDe fato.
856 4 0 _uhttp://site.ebrary.com/lib/rucke/Doc?id=10591655
_zAn electronic book accessible through the World Wide Web; click to view
999 _c106394
_d106394